000 00332nam a22001457a 4500
008 210301b ||||| |||| 00| 0 eng d
020 _a978007338505
041 _aeng
080 _23rd
_a070
082 _a070
100 _a39
101 _aMED
245 _aStyle Manual for Communication Studies
_cBourhis, J
942 _2udc
_cBK
999 _c55421
_d55421